| 000 | 00000nam##2200000za#4500 |
| 001 | 9.607812 |
| 003 | CaOODSP |
| 005 | 20240612102647 |
| 007 | cr ||||||||||| |
| 008 | 150406|2007||||xxc|||||o f|0| 0 fre|d |
| 040 | |aCaOODSP|bfre |
| 043 | |an-cn--- |
| 086 | 1 |aRv55-5/11-3-3-2007F-PDF |
| 110 | 2 |aAgence des services frontaliers du Canada. |
| 245 | 10|aRègle de marquage du pays d'origine – Pays ALÉNA |h[ressource électronique] |
| 260 | |aOttawa - Ontario : |bAgence des services frontaliers du Canada |
| 300 | |a29p.|btableau |
| 490 | 1 |aMémorandums D des douanes. D11, Renseignements généraux sur le tarif |vD11-3-3, le 23 mars 2007 |
| 590 | |a14-17-Supp|b2014-10-09 |
| 775 | 08|tNAFTA country of origin marking rules |w(CaOODSP)9.580876 |
| 830 | #0|aMémorandums D des douanes. D11, Renseignements généraux sur le tarif ;|vD11-3-3, le 23 mars 2007|w(CaOODSP)9.816826 |
| 856 | 40|ahttp://publications.gc.ca|qPDF|s304 Ko|uhttps://publications.gc.ca/collections/collection_2014/asfc-cbsa/Rv55-5-11-3-3-2007-fra.pdf|yD11-3-3, le 23 mars 2007 |